Normal view
MARC view
- Raw Ki Sazish
Entry Topical Term
001 - CONTROL NUMBER
- control field: 127263
003 - CONTROL NUMBER IDENTIFIER
- control field: NUST
005 - DATE AND TIME OF LATEST TRANSACTION
- control field: 20241231104233.0
008 - FIXED-LENGTH DATA ELEMENTS
- fixed length control field: 241231|| aca||aabn | a|a d
040 ## - CATALOGING SOURCE
- Original cataloging agency: NUST
- Transcribing agency: NUST
150 ## - HEADING--TOPICAL TERM
- Topical term or geographic name entry element: Raw Ki Sazish
670 ## - SOURCE DATA FOUND
- Source citation: Work cat.: (NUST): A. Hameed 9242, Raw Ki Sazish, 1997.
